LIBRARY & INFORMATION CENTRE, KCAET, TAVANUR

ONLINE PUBLIC ACCESS CATALOGUE (OPAC)

Analysis of heat and mass transfer / (Record no. 9682)

MARC details
000 -LEADER
fixed length control field 00469cam a2200181ua 4500
041 ## - LANGUAGE CODE
Language code of text/sound track or separate title eng
082 ## - DEWEY DECIMAL CLASSIFICATION NUMBER
Classification number 621.4022
Item number ECK/AN
100 ## - MAIN ENTRY--AUTHOR NAME
Personal name Eckert, E R G .
245 ## - TITLE STATEMENT
Title Analysis of heat and mass transfer /
260 ## - PUBLICATION, DISTRIBUTION, ETC. (IMPRINT)
Place of publication New York :
Name of publisher McGraw Hill Book Company ,
Year of publication 1972.
300 ## - PHYSICAL DESCRIPTION
Number of Pages 806 ; .
700 1# - ADDED ENTRY--PERSONAL NAME
Personal name Drake, Robert M .
942 ## - ADDED ENTRY ELEMENTS (KOHA)
Koha item type Books
Holdings
Withdrawn status Lost status Damaged status Home library Current library Date acquired Full call number Accession Number Koha item type
      KAUAET KAUAET 07/04/2012 621.4022 19447 Books
free website counter